| 000 | 00716nam a2200277Ia 4500 | ||
|---|---|---|---|
| 003 | OSt | ||
| 005 | 20220912150901.0 | ||
| 006 | a|||||r|||| 00| 0 | ||
| 007 | ta | ||
| 008 | 220909b |||||||| |||| 00| 0 eng d | ||
| 024 | _a19534 | ||
| 037 | _cTextual | ||
| 040 |
_aCSL _beng _cCSL |
||
| 041 | _aeng | ||
| 082 | _aY73.297, M0 | ||
| 100 | _aFURER-HIMENDORE Christoph von | ||
| 245 | 0 | _aHimalayan tribe | |
| 300 |
_axi,224p. _ccm. |
||
| 500 | _aBibliography 220-221p; Glossary 211-219p | ||
| 650 | _a ethnic relations | ||
| 650 | _a Ethnology | ||
| 650 | _a race | ||
| 650 | _aIndian tribes | ||
| 942 |
_hY73.297, M0 _cTEXL _2CC |
||
| 999 |
_c56823 _d56823 |
||